ბათუმის შოთა რუსთაველის სახელმწიფო უნივერსიტეტის ბიბლიოთეკა

Lectures on algebraic topology / (ბიბ.ჩანაწერი № 58726)

000 -LEADER
fixed length control field 01579cam a2200337 a 4500
001 - CONTROL NUMBER
control field 2070649
005 - DATE AND TIME OF LATEST TRANSACTION
control field 20220708113423.0
008 - FIXED-LENGTH DATA ELEMENTS--GENERAL INFORMATION
fixed length control field 941005r19951972gw a b 001 0 eng
010 ## - LIBRARY OF CONGRESS CONTROL NUMBER
LC control number 94039729
020 ## - INTERNATIONAL STANDARD BOOK NUMBER
International Standard Book Number 3540586601 (acidfree)
040 ## - CATALOGING SOURCE
Original cataloging agency DLC
Transcribing agency DLC
Modifying agency DLC
050 00 - LIBRARY OF CONGRESS CALL NUMBER
Classification number QA612
Item number .D65 1995
080 ## - UNIVERSAL DECIMAL CLASSIFICATION NUMBER
Universal Decimal Classification number 515.1 D-70
082 00 - DEWEY DECIMAL CLASSIFICATION NUMBER
Edition number 20
100 1# - MAIN ENTRY--PERSONAL NAME
Personal name Dold, A.
Fuller form of name (Albrecht),
Dates associated with a name 1928-
9 (RLIN) 14323
245 10 - TITLE STATEMENT
Title Lectures on algebraic topology /
Statement of responsibility, etc. Albrecht Dold.
260 ## - PUBLICATION, DISTRIBUTION, ETC.
Place of publication, distribution, etc. Berlin :
Name of publisher, distributor, etc. Springer,
Date of publication, distribution, etc. c1995.
300 ## - PHYSICAL DESCRIPTION
Extent xi, 377 p. :
Other physical details ill. ;
Dimensions 24 cm.
440 #0 - SERIES STATEMENT/ADDED ENTRY--TITLE
Title Classics in mathematics
9 (RLIN) 14324
500 ## - GENERAL NOTE
General note "Reprint of the 1972 edition."
500 ## - GENERAL NOTE
General note Originally published: Berlin ; New York : Springer-Verlag, 1972. (Die Grundlehren der mathematischen Wissenschaften in Einzeldarstellungen mit besonderer Berücksichtigung der Anwendungsgebiete ; Bd. 200).
504 ## - BIBLIOGRAPHY, ETC. NOTE
Bibliography, etc. note Includes bibliographical references (p. [368]-370) and index.
650 #0 - SUBJECT ADDED ENTRY--TOPICAL TERM
Topical term or geographic name entry element Algebraic topology.
9 (RLIN) 14325
650 #0 - SUBJECT ADDED ENTRY--TOPICAL TERM
Topical term or geographic name entry element ლექციები ალგებრულ ტოპოლოგიაზე
9 (RLIN) 14326
650 #0 - SUBJECT ADDED ENTRY--TOPICAL TERM
Topical term or geographic name entry element ტოპოლოგია
9 (RLIN) 14327
856 42 - ELECTRONIC LOCATION AND ACCESS
Materials specified Contributor biographical information
Uniform Resource Identifier http://www.loc.gov/catdir/enhancements/fy0815/94039729-b.html
856 42 - ELECTRONIC LOCATION AND ACCESS
Materials specified Publisher description
Uniform Resource Identifier http://www.loc.gov/catdir/enhancements/fy0815/94039729-d.html
906 ## - LOCAL DATA ELEMENT F, LDF (RLIN)
a 7
b cbc
c orignew
d 1
e ocip
f 19
g y-gencatlg
942 ## - ADDED ENTRY ELEMENTS (KOHA)
Source of classification or shelving scheme
Koha item type წიგნი
ეგზემპლარები
Withdrawn status Lost status Source of classification or shelving scheme Damaged status Not for loan Permanent Location Current Location Shelving location Date acquired Cost, normal purchase price Full call number Barcode Date last seen Copy number Price effective from Koha item type Public note
          ბათუმის შოთა რუსთაველის სახელმწიფო უნივერსიტეტის მთავარი ბიბლიოთეკა ბათუმის შოთა რუსთაველის სახელმწიფო უნივერსიტეტის მთავარი ბიბლიოთეკა წიგნსაცავი 2022-07-08 151.00 515.1 D-70 62961 2022-07-08 62961 2022-07-08 წიგნი 151gel.